| 000 | 00380nam a2200145Ia 4500 | ||
|---|---|---|---|
| 008 | 231129s2002||||xx |||||||||||||| ||spa|| | ||
| 020 | _a958-30-0948-2 | ||
| 040 | _bspa | ||
| 082 | _a(i) Co863.44 A674m | ||
| 100 | _aArciniegas Triunfo | ||
| 245 | 0 | _aMama no es una gallina | |
| 260 | _c2002 | ||
| 264 | _aPanamericana | ||
| 942 |
_2ddc _cBKS |
||
| 999 |
_c20259 _d20259 |
||